UBT Library

Automotive Service Inspection, Maintenance, Repair (Record no. 58253)

000 -LEADER
fixed length control field 00344nam a22001457a 4500
008 - FIXED-LENGTH DATA ELEMENTS--GENERAL INFORMATION
fixed length control field 211018b ||||| |||| 00| 0 eng d
020 ## - INTERNATIONAL STANDARD BOOK NUMBER
International Standard Book Number 9781111128616
041 ## - LANGUAGE CODE
Language code of text/sound track or separate title eng
080 ## - UNIVERSAL DECIMAL CLASSIFICATION NUMBER
Edition identifier 4th
Universal Decimal Classification number 621
082 ## - DEWEY DECIMAL CLASSIFICATION NUMBER
Classification number 621
100 ## - Rafti
Rafti 26
101 ## - Shkurtesa
Shkurtesa MEK
245 ## - TITLE STATEMENT
Title Automotive Service Inspection, Maintenance, Repair
Statement of responsibility, etc Gilles,T
942 ## - ADDED ENTRY ELEMENTS (KOHA)
Source of classification or shelving scheme
Item type Books
Holdings
Withdrawn status Lost status Source of classification or shelving scheme Damaged status Not for loan Collection code Permanent location Current location Shelving location Date acquired Total Checkouts Full call number Barcode Date last seen Price effective from Koha item type
          Koleksioni i përgjithshem UBT - Lipjan UBT - Lipjan Koleksioni i përgjithshem 10/18/2021   621 GIL 002-80000760 10/18/2021 10/18/2021 Books
UBT Library © 2015-2024. All rights reserved University Education for Business and Technology